Statistics for Halo Reach Enemies+Enemy Vehicles

Click here to take the quiz!

General Stats

  • This quiz has been taken 360 times
  • The average score is 11 of 17

Answer Stats

HintAnswer% Correct
The ApesBrutes
95%
The Little'unsGrunts
93%
The LeadersElites
92%
The Big BoysHunters
90%
The TankWraith
86%
The BikeGhost
85%
The Birds with shieldsJackal
81%
The BugsDrones
71%
The 'Plane'Banshee
66%
The large DropshipPhantom
65%
The lighter TanksRevenant
58%
The MedicsEngineers
54%
The FASTER BirdsSkirmishers
52%
Split nose dropshipSpirit
45%
The Fighter (wormy)Seraph
42%
Ultra Heavy InfantryScarab
35%
The 'Space Plane'Space Banshee
25%

Score Distribution

Percentile by Number Answered

Percent of People with Each Score

Your Score History

You have not taken this quiz